Sau Saal Baad - سو سال بعد” (Record no. 534319)
[ view plain ]
| 000 -LEADER | |
|---|---|
| fixed length control field | 00406 a2200157 4500 |
| 001 - CONTROL NUMBER | |
| control field | 92082 |
| 003 - CONTROL NUMBER IDENTIFIER | |
| control field | NUST |
| 038 ## - RECORD CONTENT LICENSOR | |
| Staff Name | MSOHAIL |
| 082 ## - DEWEY DECIMAL CLASSIFICATION NUMBER | |
| Classification number | 891.4393 NAS |
| 100 ## - MAIN ENTRY--PERSONAL NAME | |
| Personal name | Naseem Hijazi - نسیم حجازی |
| 9 (RLIN) | 28460 |
| 245 ## - TITLE STATEMENT | |
| Title | Sau Saal Baad - سو سال بعد” |
| 260 ## - PUBLICATION, DISTRIBUTION, ETC. | |
| Place of publication, distribution, etc. | Lahore |
| Name of publisher, distributor, etc. | Jahangir Books |
| Date of publication, distribution, etc. | 2014 |
| 300 ## - PHYSICAL DESCRIPTION | |
| Extent | 143p. |
| Other physical details | Hb |
| 500 ## - GENERAL NOTE | |
| General note | General Book |
| 942 ## - ADDED ENTRY ELEMENTS (KOHA) | |
| Institution code [OBSOLETE] | CAE NUST |
| Call number prefix | 891.4397 NAS |
| Source of classification or shelving scheme | |
| Koha item type | Book |
| Withdrawn status | Lost status | Source of classification or shelving scheme | Damaged status | Not for loan | Permanent Location | Current Location | Date acquired | Total Checkouts | Full call number | Barcode | Date last seen | Price effective from | Koha item type |
|---|---|---|---|---|---|---|---|---|---|---|---|---|---|
| School of Civil and Environmental Engineering (SCEE) | School of Civil and Environmental Engineering (SCEE) | 02/14/2020 | 891.4393 NAS | NIT-9757 | 02/14/2020 | 02/14/2020 | Book |
